[Event "Wch Juvenil 2013 sub-14"]
[Site "Al-Ain UAE"]
[Date "2013.12.19"]
[Round "2.19"]
[White "Plenca, Jadranko"]
[Black "Oliveira, Tiago Lopes"]
[Result "1-0"]
[WhiteElo "2168"]
[BlackElo "1930"]
[PlyCount "59"]
[EventDate "2013.12.19"]
[EventType "swiss"]
[EventRounds "11"]
[EventCountry "UAE"]
[Source "lmi"]
[SourceDate "2013.12.19"]

1. e4 c5 2. Nf3 e6 3. c3 Nf6 4. e5 Nd5 5. Bc4 d6 6. d4 cxd4 7. cxd4 Nd7 8. O-O
N5b6 9. Bd3 dxe5 10. dxe5 Nc5 11. Bc2 Nd5 12. Qd4 Be7 13. Qg4 Kf8 14. Rd1 h5
15. Qd4 Qc7 16. Nc3 Nxc3 17. Qxc3 b6 18. Bg5 Bb7 19. b4 Na6 20. Qxc7 Nxc7 21.
Rd7 f6 22. Nh4 Nd5 23. Rxb7 fxg5 24. Ng6+ Kf7 25. Nxh8+ Rxh8 26. Bb3 Nxb4 27.
Rxa7 Nc6 28. Rb7 Rb8 29. Rc7 Nxe5 30. Re1 1-0

[Event "Wch Juvenil 2013 sub-14"]
[Site "Al-Ain UAE"]
[Date "2013.12.19"]
[Round "2.20"]
[White "Le, Minh Hoang"]
[Black "Perske, Thore"]
[Result "1/2-1/2"]
[WhiteElo "1927"]
[BlackElo "2164"]
[PlyCount "92"]
[EventDate "2013.12.19"]
[EventType "swiss"]
[EventRounds "11"]
[EventCountry "UAE"]
[Source "lmi"]
[SourceDate "2013.12.19"]

1. d4 Nf6 2. Nf3 g6 3. Bf4 Bg7 4. e3 O-O 5. Nbd2 c5 6. c3 d6 7. h3 Be6 8. Be2
Qb6 9. Qc1 Nc6 10. dxc5 Qxc5 11. O-O Rfc8 12. e4 a6 13. Be3 Qa5 14. Ng5 Nd7 15.
Nxe6 fxe6 16. Bg4 Nf8 17. Nc4 Qa4 18. Nb6 Qxe4 19. Nxa8 Rxa8 20. Bf3 Qf5 21.
Qb1 d5 22. Bg4 Qxb1 23. Raxb1 e5 24. Rbd1 e6 25. Bc5 Kf7 26. c4 d4 27. Bxf8
Rxf8 28. Bf3 Ke7 29. Be4 Kd6 30. a3 a5 31. b3 Kc5 32. f3 Bh6 33. Bd3 Be3+ 34.
Kh2 Nb8 35. Rb1 Na6 36. Rb2 Ra8 37. Rfb1 Kb6 38. b4 axb4 39. axb4 Nc7 40. Be4
Ra3 41. c5+ Ka7 42. b5 Nd5 43. Rb3 Ra5 44. h4 Kb8 45. h5 gxh5 46. Bxh7 h4
1/2-1/2

[Event "Wch Juvenil 2013 sub-14"]
[Site "Al-Ain UAE"]
[Date "2013.12.19"]
[Round "2.21"]
[White "Lopez Mulet, Iñigo"]
[Black "Shi, Diwen"]
[Result "1/2-1/2"]
[WhiteElo "2151"]
[BlackElo "1924"]
[PlyCount "102"]
[EventDate "2013.12.19"]
[EventType "swiss"]
[EventRounds "11"]
[EventCountry "UAE"]
[Source "lmi"]
[SourceDate "2013.12.19"]

1. d4 Nf6 2. c4 Nc6 3. d5 Ne5 4. e4 e6 5. Nc3 Bb4 6. Qc2 O-O 7. Bd2 d6 8. O-O-O
a6 9. h3 b5 10. cxb5 axb5 11. a3 Bxc3 12. Bxc3 exd5 13. exd5 Bd7 14. Nf3 Nh5
15. Nxe5 dxe5 16. Bd3 g6 17. g4 Qg5+ 18. Bd2 Nf4 19. Be4 b4 20. Bxb4 Nd3+ 21.
Kb1 Nxb4 22. axb4 Qf4 23. Rhe1 Ra4 24. d6 cxd6 25. Qd2 Qxd2 26. Rxd2 Rxb4 27.
Rxd6 Be6 28. f3 Rfb8 29. Re2 Kf8 30. Red2 Ke7 31. Ra6 Kf6 32. h4 h6 33. Rg2 Ke7
34. Ra7+ Kd6 35. Rd2+ Rd4 36. Rc2 Bc4 37. Rxc4 Rxc4 38. Rxf7 Rcb4 39. Rf6+ Kc5
40. Rxg6 Rxb2+ 41. Kc1 R8b6 42. Rxh6 Rxh6 43. Kxb2 Rxh4 44. Kc3 Rh8 45. g5 Rg8
46. g6 Kd6 47. Kd3 Ke6 48. Kc4 Rc8+ 49. Kd3 Rg8 50. Kc4 Rc8+ 51. Kd3 Rg8
1/2-1/2

[Event "Wch Juvenil 2013 sub-14"]
[Site "Al-Ain UAE"]
[Date "2013.12.19"]
[Round "2.22"]
[White "Ahn, Hongjin"]
[Black "Thybo, Jesper Sondergaard"]
[Result "0-1"]
[WhiteElo "1907"]
[BlackElo "2147"]
[PlyCount "70"]
[EventDate "2013.12.19"]
[EventType "swiss"]
[EventRounds "11"]
[EventCountry "UAE"]
[Source "lmi"]
[SourceDate "2013.12.19"]

1. Nf3 Nf6 2. g3 g6 3. Bg2 Bg7 4. O-O d5 5. d4 O-O 6. c4 c6 7. cxd5 cxd5 8. Ne5
Ne4 9. f3 Nf6 10. Nc3 Nc6 11. Nxc6 bxc6 12. b3 c5 13. dxc5 Nd7 14. Bb2 Nxc5 15.
Rc1 e6 16. Kh1 Ba6 17. Qd2 Qa5 18. Rfd1 Rfd8 19. f4 Rac8 20. Bf3 Qb6 21. Ba3
Bb7 22. Bxc5 Qxc5 23. Nxd5 Qa3 24. Rxc8 Rxc8 25. Ne3 Bxf3+ 26. exf3 Bf8 27. Nc4
Rxc4 28. h4 Rc5 29. Qe2 Rc1 30. Rxc1 Qxc1+ 31. Kg2 Bc5 32. Qf1 Qc2+ 33. Kh3 h5
34. g4 hxg4+ 35. fxg4 Qxa2 0-1

[Event "Wch Juvenil 2013 sub-14"]
[Site "Al-Ain UAE"]
[Date "2013.12.19"]
[Round "2.23"]
[White "Litvinov, Maxim"]
[Black "Lau, Jason"]
[Result "1-0"]
[WhiteElo "2144"]
[BlackElo "1888"]
[PlyCount "60"]
[EventDate "2013.12.19"]
[EventType "swiss"]
[EventRounds "11"]
[EventCountry "UAE"]
[Source "lmi"]
[SourceDate "2013.12.19"]

1. e4 e5 2. Nf3 Nc6 3. Bb5 f5 4. Nc3 fxe4 5. Nxe4 Nf6 6. Qe2 d5 7. Nxf6+ gxf6
8. d4 Bg7 9. dxe5 O-O 10. e6 Ne5 11. Nd4 c6 12. Bd3 Re8 13. O-O c5 14. Bb5 cxd4
15. Bxe8 Qxe8 16. f4 Qxe6 17. fxe5 fxe5 18. a4 Bd7 19. Ra3 e4 20. Rg3 Bxa4 21.
b3 Be8 22. Rxg7+ Kxg7 23. Qf2 Bb5 24. Qg3+ Kh8 25. Bb2 Qg6 26. Qe5+ Qg7 27.
Qxd5 Bc6 28. Qd6 Kg8 29. Bxd4 Qg4 30. Qe5 e3 1-0

[Event "Wch Juvenil 2013 sub-14"]
[Site "Al-Ain UAE"]
[Date "2013.12.19"]
[Round "2.24"]
[White "Mamyrbay, Assad"]
[Black "Asgharzadeh, M.Reza"]
[Result "0-1"]
[WhiteElo "1904"]
[BlackElo "2143"]
[PlyCount "68"]
[EventDate "2013.12.19"]
[EventType "swiss"]
[EventRounds "11"]
[EventCountry "UAE"]
[Source "lmi"]
[SourceDate "2013.12.19"]

1. e4 c5 2. Nf3 e6 3. d4 cxd4 4. Nxd4 a6 5. Bd3 Bc5 6. Nb3 Be7 7. Qg4 g6 8. Qe2
d6 9. O-O Nd7 10. c4 Qc7 11. f4 Ngf6 12. Nc3 b6 13. Bd2 Bb7 14. Rae1 Rd8 15.
Bb1 O-O 16. e5 Nh5 17. Nd1 dxe5 18. fxe5 Nc5 19. Nf2 Nxb3 20. axb3 Bc5 21. Kh1
Rd4 22. Ng4 Qd8 23. Be3 Qh4 24. Nf6+ Nxf6 25. exf6 Rg4 26. Rf3 Bxe3 27. Qxe3
Bxf3 28. gxf3 Rf4 29. Rd1 Qxf6 30. Be4 Rh4 31. Qxb6 Qxb2 32. Qg1 Qxb3 33. c5
Rxe4 34. fxe4 Qf3+ 0-1

[Event "Wch Juvenil 2013 sub-14"]
[Site "Al-Ain UAE"]
[Date "2013.12.19"]
[Round "2.25"]
[White "Liu, Xiangyi"]
[Black "Abbasov, Zaur Shahin"]
[Result "1-0"]
[WhiteElo "2136"]
[PlyCount "37"]
[EventDate "2013.12.19"]
[EventType "swiss"]
[EventRounds "11"]
[EventCountry "UAE"]
[Source "lmi"]
[SourceDate "2013.12.19"]
[BlackElo "1882"]

1. e4 e6 2. Nf3 d5 3. e5 c5 4. g3 Nc6 5. Bg2 g6 6. O-O Bg7 7. Re1 Nge7 8. c3 d4
9. d3 h6 10. c4 g5 11. Nbd2 g4 12. Nh4 Nxe5 13. Ne4 Qb6 14. Bf4 f5 15. Nf6+
Bxf6 16. Bxe5 Kf7 17. Qe2 Ng6 18. Nxg6 Kxg6 19. Bxf6 1-0

[Event "Wch Juvenil 2013 sub-14"]
[Site "Al-Ain UAE"]
[Date "2013.12.19"]
[Round "2.26"]
[White "Wang, Yiou"]
[Black "Tomczak, Mikolaj"]
[Result "1/2-1/2"]
[WhiteElo "1889"]
[BlackElo "2133"]
[PlyCount "69"]
[EventDate "2013.12.19"]
[EventType "swiss"]
[EventRounds "11"]
[EventCountry "UAE"]
[Source "lmi"]
[SourceDate "2013.12.19"]

1. e4 c5 2. Nf3 d6 3. d4 cxd4 4. Nxd4 Nf6 5. Nc3 e6 6. Be3 a6 7. Be2 Be7 8. g4
Nfd7 9. Qd2 b5 10. a3 Bb7 11. O-O-O Nc6 12. f4 O-O 13. h4 Nxd4 14. Bxd4 e5 15.
Be3 exf4 16. Bxf4 Nc5 17. Qe3 Qc7 18. g5 Rac8 19. Rd2 Ne6 20. Bg4 Qc5 21. Qxc5
dxc5 22. Be5 Bc6 23. Nd5 Rfe8 24. Nxe7+ Rxe7 25. Bd6 Ree8 26. Re1 c4 27. c3 Bd7
28. Bg3 Rcd8 29. Red1 Bc6 30. Bxe6 Rxd2 31. Rxd2 Rxe6 32. e5 h6 33. gxh6 Rxh6
34. Rd6 Rxd6 35. exd6 1/2-1/2

[Event "Wch Juvenil 2013 sub-14"]
[Site "Al-Ain UAE"]
[Date "2013.12.19"]
[Round "2.27"]
[White "Bashirli, Nail Qoshqar"]
[Black "Martirosyan, Haik M"]
[Result "1-0"]
[WhiteElo "1887"]
[BlackElo "2131"]
[PlyCount "91"]
[EventDate "2013.12.19"]
[EventType "swiss"]
[EventRounds "11"]
[EventCountry "UAE"]
[Source "lmi"]
[SourceDate "2013.12.19"]

1. e4 c6 2. d4 d5 3. Nc3 dxe4 4. Nxe4 Nd7 5. Bd3 Ngf6 6. Ng5 e6 7. N1f3 Bd6 8.
Qe2 h6 9. Ne4 Nxe4 10. Qxe4 Nf6 11. Qe2 Qc7 12. Bd2 b6 13. O-O-O Bb7 14. Ne5
O-O-O 15. f4 h5 16. Rhe1 Kb8 17. g3 c5 18. dxc5 Bxc5 19. Nc4 Ka8 20. Kb1 h4 21.
b4 Bf8 22. Qe5 Qc8 23. f5 Rd5 24. Qc3 hxg3 25. hxg3 exf5 26. Qa3 Qd8 27. Be3
Rb5 28. c3 Nd5 29. Nb2 Nxe3 30. Bxb5 Be4+ 31. Rd3 Qg5 32. Qa6 Kb8 33. Nd1 Nxd1
34. Rxe4 fxe4 35. Rd7 Nxc3+ 36. Kc2 Rh2+ 37. Kb3 Qd5+ 38. Rxd5 Nxd5 39. Bc6 Kc7
40. Qb7+ Kd6 41. Qd7+ Ke5 42. Qxd5+ Kf6 43. Qd4+ Kg6 44. Qxe4+ Kf6 45. Qf4+ Ke6
46. Bd5+ 1-0

[Event "Wch Juvenil 2013 sub-14"]
[Site "Al-Ain UAE"]
[Date "2013.12.19"]
[Round "2.28"]
[White "Nguyen, Dang Hong Phuc"]
[Black "Nikitenko, Mihail"]
[Result "0-1"]
[WhiteElo "1882"]
[BlackElo "2125"]
[PlyCount "76"]
[EventDate "2013.12.19"]
[EventType "swiss"]
[EventRounds "11"]
[EventCountry "UAE"]
[Source "lmi"]
[SourceDate "2013.12.19"]

1. d4 g6 2. Nf3 Bg7 3. g3 Nf6 4. Bg2 O-O 5. O-O c6 6. c4 d6 7. Nc3 Qa5 8. e4
Bg4 9. h3 Bxf3 10. Bxf3 Nfd7 11. Be3 e5 12. d5 c5 13. Qe2 f5 14. Rab1 Nf6 15.
Bd2 Qc7 16. Bg2 Qe7 17. f4 Nh5 18. Qd3 exf4 19. gxf4 Nd7 20. Rbe1 Qh4 21. Kh2
fxe4 22. Rxe4 Rf5 23. Ne2 Raf8 24. Be1 Qd8 25. Bc3 Bh6 26. Bd2 Qh4 27. Qf3 Qf6
28. Bc3 Qf7 29. Qe3 Ne5 30. Bxe5 dxe5 31. Qxc5 Bxf4+ 32. Nxf4 Nxf4 33. Rg1 Rh5
34. Qe3 Qf5 35. Re1 Rg5 36. Rg1 h5 37. Qe1 Rxg2+ 38. Rxg2 Qxh3+ 0-1

[Event "Wch Juvenil 2013 sub-14"]
[Site "Al-Ain UAE"]
[Date "2013.12.19"]
[Round "2.29"]
[White "Catur, Adi Sagita"]
[Black "Chow, Colin"]
[Result "1-0"]
[WhiteElo "1879"]
[BlackElo "2114"]
[PlyCount "73"]
[EventDate "2013.12.19"]
[EventType "swiss"]
[EventRounds "11"]
[EventCountry "UAE"]
[Source "lmi"]
[SourceDate "2013.12.19"]

1. Nf3 Nf6 2. g3 e6 3. Bg2 Be7 4. O-O O-O 5. d3 d5 6. Nbd2 c5 7. e4 Nc6 8. e5
Nd7 9. Re1 Qc7 10. Qe2 b5 11. Nf1 b4 12. Bf4 Ba6 13. h4 Qb6 14. Ne3 Nd4 15.
Nxd4 cxd4 16. Ng4 Rfc8 17. h5 Rc6 18. Qd2 Rac8 19. Rac1 b3 20. c3 Nc5 21. Bg5
Qd8 22. Bxe7 Qxe7 23. h6 g6 24. cxd4 Nxd3 25. Rxc6 Rxc6 26. Ra1 Qc7 27. Qg5
Rc1+ 28. Kh2 Qc8 29. Nf6+ Kf8 30. Nxh7+ Ke8 31. Nf6+ Kf8 32. Rxc1 Qxc1 33. h7
Kg7 34. h8=Q+ Kxh8 35. Qh4+ Kg7 36. Qh7+ Kf8 37. Qg8+ 1-0

[Event "Wch Juvenil 2013 sub-14"]
[Site "Al-Ain UAE"]
[Date "2013.12.19"]
[Round "2.30"]
[White "Meunier, Clement"]
[Black "Simo, Marian"]
[Result "1-0"]
[WhiteElo "2113"]
[BlackElo "1873"]
[PlyCount "83"]
[EventDate "2013.12.19"]
[EventType "swiss"]
[EventRounds "11"]
[EventCountry "UAE"]
[Source "lmi"]
[SourceDate "2013.12.19"]

1. d4 Nf6 2. c4 e6 3. Nc3 Bb4 4. e3 O-O 5. a3 Bxc3+ 6. bxc3 Ne4 7. Bd3 f5 8.
Qc2 Qf6 9. Ne2 b6 10. f3 d5 11. cxd5 exd5 12. Nf4 Qh4+ 13. g3 Nxg3 14. Qf2 g5
15. Rg1 gxf4 16. hxg3 Qf6 17. gxf4+ Kf7 18. Qh2 Ke7 19. Qxh7+ Rf7 20. Qh5 Rg7
21. Rg5 Nc6 22. a4 Be6 23. Ba3+ Kd7 24. Rxf5 Rh8 25. Rxf6 Rxh5 26. O-O-O Ne7
27. e4 c6 28. f5 Bf7 29. Rd6+ Kc7 30. f6 Rg6 31. e5 Nf5 32. Bxf5 Rxf5 33. e6
Rgxf6 34. Rd7+ Kc8 35. Rxf7 Rxf7 36. exf7 Rxf7 37. Rf1 Kd7 38. Kd2 a5 39. Ke3
Ke6 40. Rh1 Rf6 41. Rh8 Kd7 42. Rh7+ 1-0

[Event "Wch Juvenil 2013 sub-14"]
[Site "Al-Ain UAE"]
[Date "2013.12.19"]
[Round "2.31"]
[White "Koniahli, Malek"]
[Black "Panchanatham, Vignesh"]
[Result "0-1"]
[WhiteElo "1875"]
[BlackElo "2111"]
[PlyCount "78"]
[EventDate "2013.12.19"]
[EventType "swiss"]
[EventRounds "11"]
[EventCountry "UAE"]
[Source "lmi"]
[SourceDate "2013.12.19"]

1. e4 e6 2. d4 d5 3. exd5 exd5 4. Bf4 Bd6 5. Bxd6 Qxd6 6. Bd3 Ne7 7. c3 Nbc6 8.
Nf3 Bg4 9. Nbd2 O-O-O 10. O-O f6 11. Qc2 g5 12. b4 h5 13. a4 h4 14. a5 Be6 15.
Kh1 g4 16. Ng1 f5 17. b5 Nb8 18. Nb3 b6 19. axb6 axb6 20. Qe2 Ng6 21. f3 Nf4
22. Qd2 Nh5 23. Ne2 Rd7 24. f4 Nf6 25. Ra4 Ne4 26. Bxe4 dxe4 27. c4 h3 28. g3
Bxc4 29. Qe3 Bxb5 30. Ra2 Qd5 31. Rc1 Bd3 32. Rb2 Qd6 33. Nc3 Qa3 34. Nd1 Ba6
35. d5 Rxd5 36. Qc3 Rh7 37. Rbc2 Qd6 38. Ne3 Rd3 39. Nxf5 Rd1+ 0-1

[Event "Wch Juvenil 2013 sub-14"]
[Site "Al-Ain UAE"]
[Date "2013.12.19"]
[Round "2.32"]
[White "Acsinte, Matei-Ionut"]
[Black "Sadubayev, Airat"]
[Result "1-0"]
[WhiteElo "2094"]
[BlackElo "1706"]
[PlyCount "48"]
[EventDate "2013.12.19"]
[EventType "swiss"]
[EventRounds "11"]
[EventCountry "UAE"]
[Source "lmi"]
[SourceDate "2013.12.19"]

1. e4 c5 2. Nf3 d6 3. d4 cxd4 4. Nxd4 Nf6 5. Nc3 a6 6. Bg5 e6 7. f4 Nbd7 8. Qe2
Qc7 9. O-O-O Be7 10. g4 O-O 11. Bg2 Nb6 12. Bxf6 Bxf6 13. g5 Be7 14. Rd3 Rd8
15. Kb1 Bd7 16. Qh5 g6 17. Qh6 Bf8 18. Qh4 Be7 19. f5 e5 20. Nde2 h5 21. Ng3
Be8 22. f6 Bf8 23. Nxh5 gxh5 24. Qxh5 Bd7 1-0

[Event "Wch Juvenil 2013 sub-14"]
[Site "Al-Ain UAE"]
[Date "2013.12.19"]
[Round "2.33"]
[White "Visveshwar, A."]
[Black "Muthaiah, Al"]
[Result "0-1"]
[WhiteElo "1870"]
[BlackElo "2092"]
[PlyCount "96"]
[EventDate "2013.12.19"]
[EventType "swiss"]
[EventRounds "11"]
[EventCountry "UAE"]
[Source "lmi"]
[SourceDate "2013.12.19"]

1. e4 c5 2. f4 g6 3. Nc3 Bg7 4. Nf3 Nc6 5. d3 e6 6. Be2 Nge7 7. O-O O-O 8. Qe1
d6 9. Qh4 Nd4 10. Nxd4 cxd4 11. Nd1 Bd7 12. Bd2 b5 13. Bf3 Rc8 14. Rc1 Nc6 15.
Qxd8 Rfxd8 16. Nf2 a5 17. g4 b4 18. Nh3 Rc7 19. Bd1 Rdc8 20. Ng5 f6 21. Nf3 f5
22. Ne1 Nb8 23. Bf3 Na6 24. exf5 exf5 25. Bd5+ Kf8 26. gxf5 Bxf5 27. Bc4 Nc5
28. c3 dxc3 29. bxc3 Na4 30. cxb4 d5 31. Bb3 Rxc1 32. Bxa4 Ra1 33. Bb3 Bc3 34.
Bxc3 Rxc3 35. bxa5 Rcc1 36. Kf2 Bxd3 37. Nxd3 Rxf1+ 38. Ke2 Rfb1 39. Bxd5 Rb5
40. Bb3 Rxa5 41. Kf3 Ra3 42. Kg4 Kg7 43. Nb4 Rg1+ 44. Kf3 Ra5 45. Be6 Re1 46.
Bb3 Rh5 47. Kg3 Re3+ 48. Kf2 Reh3 0-1

[Event "Wch Juvenil 2013 sub-14"]
[Site "Al-Ain UAE"]
[Date "2013.12.19"]
[Round "2.35"]
[White "Isaev, Chingys"]
[Black "Shahaliyev, Ismayil Bahram"]
[Result "1-0"]
[WhiteElo "1834"]
[BlackElo "2091"]
[PlyCount "125"]
[EventDate "2013.12.19"]
[EventType "swiss"]
[EventRounds "11"]
[EventCountry "UAE"]
[Source "lmi"]
[SourceDate "2013.12.19"]

1. d4 e6 2. c4 Nf6 3. Nc3 Bb4 4. Qc2 d5 5. cxd5 exd5 6. Bg5 h6 7. Bxf6 Qxf6 8.
e3 O-O 9. a3 Bxc3+ 10. Qxc3 c6 11. Nf3 Bf5 12. Be2 Nd7 13. O-O g5 14. b4 g4 15.
Ne1 h5 16. Bd3 h4 17. f3 g3 18. h3 Qe6 19. Bxf5 Qxf5 20. Nd3 Rfe8 21. Rae1 Qh7
22. Qd2 Qg7 23. Nf4 Nf6 24. Qc2 Qg5 25. Nd3 Qg6 26. e4 Nd7 27. Qe2 Re7 28. e5
Qf5 29. f4 Nf8 30. Nb2 Ne6 31. Qd2 Ng7 32. Nd1 Qg6 33. f5 Nxf5 34. Qf4 Ng7 35.
Qxh4 Re6 36. Ne3 Qh6 37. Qxg3 Rg6 38. Qf3 Rf8 39. Ng4 Qd2 40. Nf6+ Kh8 41. Rd1
Qg5 42. Rf2 Ne6 43. Rdd2 Qh4 44. Kh2 Kg7 45. g3 Qh6 46. Ng4 Qh7 47. Nf6 Qh6 48.
Nh5+ Kg8 49. g4 Ng5 50. Qf5 Ne4 51. Nf6+ Rxf6 52. exf6 Qh4 53. Rg2 Nxd2 54.
Rxd2 Re8 55. g5 Qe4 56. Qf1 Kh7 57. Rg2 Kg6 58. Qf2 Qd3 59. Qh4 Re4 60. Qh6+
Kf5 61. Rf2+ Ke6 62. Qf8 Rf4 63. Qe7+ 1-0

[Event "Wch Juvenil 2013 sub-14"]
[Site "Al-Ain UAE"]
[Date "2013.12.19"]
[Round "2.36"]
[White "Kozusek, Daniel"]
[Black "Bedon, Kevin"]
[Result "1-0"]
[WhiteElo "2090"]
[BlackElo "1671"]
[PlyCount "71"]
[EventDate "2013.12.19"]
[EventType "swiss"]
[EventRounds "11"]
[EventCountry "UAE"]
[Source "lmi"]
[SourceDate "2013.12.19"]

1. d4 f5 2. g3 d5 3. Bg2 Nf6 4. Nf3 e6 5. O-O Bd6 6. c4 c6 7. b3 O-O 8. Ba3
Bxa3 9. Nxa3 Qe7 10. Nc2 Ne4 11. Nce1 Nd7 12. Nd3 g5 13. Nfe5 g4 14. f3 gxf3
15. exf3 Nxe5 16. Nxe5 Nd6 17. Qe2 f4 18. g4 Qg7 19. Rae1 a5 20. a4 Ne8 21. h4
Qh6 22. Qf2 Qf6 23. Bh3 Ng7 24. Kh1 Qd8 25. c5 Bd7 26. Rg1 Be8 27. Nd3 Qe7 28.
Re5 Bg6 29. Ne1 Kh8 30. h5 Bf7 31. Ng2 Bg8 32. h6 Ne8 33. g5 Nc7 34. Nh4 Bf7
35. Bf5 Bh5 36. g6 1-0

[Event "Wch Juvenil 2013 sub-14"]
[Site "Al-Ain UAE"]
[Date "2013.12.19"]
[Round "2.37"]
[White "Rafili, Said Elchin"]
[Black "Petrov, Vladimir Sergeev"]
[Result "0-1"]
[WhiteElo "1611"]
[BlackElo "2076"]
[PlyCount "78"]
[EventDate "2013.12.19"]
[EventType "swiss"]
[EventRounds "11"]
[EventCountry "UAE"]
[Source "lmi"]
[SourceDate "2013.12.19"]

1. d4 Nf6 2. Nf3 e6 3. c4 b6 4. a3 Bb7 5. Nc3 Ne4 6. Qc2 Nxc3 7. Qxc3 Be7 8. g3
O-O 9. Bg2 f5 10. O-O d6 11. Re1 Bf6 12. b3 Nd7 13. Bb2 Qe7 14. Rad1 Rae8 15.
Qd2 Be4 16. Bc3 Rd8 17. Qb2 e5 18. Nd2 Bxg2 19. Kxg2 exd4 20. Bxd4 Ne5 21. f4
Ng4 22. e4 Rfe8 23. h3 Bxd4 24. Qxd4 Nf6 25. Kf3 Qd7 26. exf5 Qxf5 27. g4 Qd7
28. Kg3 Qc6 29. f5 d5 30. g5 Qd6+ 31. Kh4 Re4+ 32. Rxe4 Nxe4 33. Nxe4 Qf4+ 34.
Kh5 g6+ 35. fxg6 hxg6+ 36. Kh6 Qh4+ 37. Kxg6 Qh7+ 38. Kf6 Qf7+ 39. Ke5 Re8# 0-1

[Event "Wch Juvenil 2013 sub-14"]
[Site "Al-Ain UAE"]
[Date "2013.12.19"]
[Round "2.45"]
[White "Cori Quispe, Kevin"]
[Black "Higgs, Joshua"]
[Result "1-0"]
[WhiteElo "2259"]
[BlackElo "1824"]
[PlyCount "41"]
[EventDate "2013.12.19"]
[EventType "swiss"]
[EventRounds "11"]
[EventCountry "UAE"]
[Source "lmi"]
[SourceDate "2013.12.19"]

1. e4 e5 2. Nf3 Nc6 3. d4 exd4 4. Nxd4 Nf6 5. Nxc6 bxc6 6. e5 Qe7 7. Qe2 Nd5 8.
c4 Nb6 9. Nc3 a5 10. Bd2 Ba6 11. Qe4 g6 12. Bd3 Bg7 13. O-O O-O 14. Rfe1 Rfe8
15. Qg4 Qc5 16. Ne4 Qxe5 17. Bc3 Qh5 18. Qf4 g5 19. Bxg7 Kxg7 20. Nc5 Kh8 21.
Qxc7 1-0

[Event "Wch Juvenil 2013 sub-14"]
[Site "Al-Ain UAE"]
[Date "2013.12.19"]
[Round "2.46"]
[White "Maghsoodloo, Parham"]
[Black "Kokaia, Guram"]
[Result "1/2-1/2"]
[WhiteElo "2199"]
[BlackElo "1812"]
[PlyCount "86"]
[EventDate "2013.12.19"]
[EventType "swiss"]
[EventRounds "11"]
[EventCountry "UAE"]
[Source "lmi"]
[SourceDate "2013.12.19"]

1. d4 d5 2. Nf3 Nf6 3. Bf4 e6 4. e3 Nbd7 5. Bd3 Be7 6. Nbd2 O-O 7. c3 Nh5 8.
Bg3 Nxg3 9. hxg3 f5 10. g4 Nf6 11. Ne5 g6 12. gxf5 exf5 13. Qf3 Bd6 14. Qh3 Qe7
15. f4 Bxe5 16. dxe5 Ne4 17. Bxe4 fxe4 18. g4 h5 19. f5 Qg5 20. O-O-O Qxg4 21.
Qh2 Qxf5 22. Rdf1 Qg5 23. Rxf8+ Kxf8 24. Rf1+ Bf5 25. e6 Qe7 26. Qe5 Kg8 27.
Qxd5 c6 28. Qa5 b6 29. Qa6 Qxe6 30. Nb3 c5 31. Qb7 Rd8 32. Qxa7 Qd6 33. Qa4 Qd3
34. Re1 b5 35. Qa5 h4 36. Qc7 Rd5 37. Qb8+ Rd8 38. Qh2 Rd5 39. Qxh4 b4 40. Qf6
c4 41. Rh1 Qxe3+ 42. Kb1 Qd3+ 43. Kc1 Qe3+ 1/2-1/2

[Event "Wch Juvenil 2013 sub-14"]
[Site "Al-Ain UAE"]
[Date "2013.12.19"]
[Round "2.47"]
[White "Baskin, Robert"]
[Black "Ait Abbas, Yacine"]
[Result "1-0"]
[WhiteElo "2190"]
[BlackElo "1771"]
[PlyCount "51"]
[EventDate "2013.12.19"]
[EventType "swiss"]
[EventRounds "11"]
[EventCountry "UAE"]
[Source "lmi"]
[SourceDate "2013.12.19"]

1. e4 c6 2. d4 d5 3. Nc3 Nf6 4. e5 Nfd7 5. Bd3 e6 6. Nce2 c5 7. c3 Nc6 8. Nf3
a6 9. O-O Be7 10. Nf4 b5 11. Bb1 g6 12. g3 Bf8 13. h4 Ne7 14. Ng5 Nb8 15. Qf3
Nf5 16. Bxf5 gxf5 17. Nh5 Nd7 18. g4 h6 19. gxf5 hxg5 20. fxe6 fxe6 21. Bxg5
Qc7 22. Qd3 Nxe5 23. Nf6+ Kf7 24. dxe5 Bb7 25. h5 Bg7 26. Qg6+ 1-0

[Event "Wch Juvenil 2013 sub-14"]
[Site "Al-Ain UAE"]
[Date "2013.12.19"]
[Round "2.48"]
[White "Liebert, Erwin"]
[Black "Boldoo, Erdenepurev"]
[Result "0-1"]
[WhiteElo "1526"]
[BlackElo "2072"]
[PlyCount "58"]
[EventDate "2013.12.19"]
[EventType "swiss"]
[EventRounds "11"]
[EventCountry "UAE"]
[Source "lmi"]
[SourceDate "2013.12.19"]

1. e4 c5 2. Nf3 Nc6 3. d4 cxd4 4. Nxd4 e6 5. Nc3 a6 6. Be3 Nf6 7. Bd3 Bb4 8.
O-O O-O 9. h3 Qc7 10. f4 Bc5 11. Nce2 Nxd4 12. Nxd4 Qb6 13. c3 Qxb2 14. Qb3
Qxb3 15. axb3 d6 16. Nc2 Bd7 17. Bxc5 dxc5 18. e5 Nd5 19. c4 Ne7 20. Rad1 Bc6
21. Ne3 Rad8 22. Rd2 Rd4 23. Nc2 Rd7 24. Rfd1 Rfd8 25. Kf2 Nf5 26. g4 Nh4 27.
Kg3 Nf3 28. Bxh7+ Kxh7 29. Rxd7 Bxd7 0-1

[Event "Wch Juvenil 2013 sub-14"]
[Site "Al-Ain UAE"]
[Date "2013.12.19"]
[Round "2.49"]
[White "Marek, Matyas"]
[Black "Liao, Yu Hao"]
[Result "1-0"]
[WhiteElo "2055"]
[BlackElo "1770"]
[PlyCount "77"]
[EventDate "2013.12.19"]
[EventType "swiss"]
[EventRounds "11"]
[EventCountry "UAE"]
[Source "lmi"]
[SourceDate "2013.12.19"]

1. e4 c5 2. Nf3 d6 3. d4 cxd4 4. Nxd4 Nf6 5. Nc3 a6 6. Be3 e5 7. Nb3 Be7 8. f3
Be6 9. Qd2 h5 10. Nd5 Nxd5 11. exd5 Bc8 12. Be2 Nd7 13. O-O f5 14. f4 exf4 15.
Bxf4 g5 16. Be3 f4 17. Bd4 Bf6 18. g3 Ne5 19. gxf4 gxf4 20. Kh1 Bh3 21. Rg1 Ng4
22. Bxg4 Bxg4 23. Rae1+ Be5 24. Bxe5 Bf3+ 25. Rg2 dxe5 26. Rxe5+ Kd7 27. Qb4 b6
28. Nc5+ Kc8 29. Ne6 Bxg2+ 30. Kxg2 Rg8+ 31. Kh1 Qd7 32. Qxb6 Qa7 33. Qc6+ Kb8
34. Nc5 Rd8 35. Re8 Rxe8 36. Qxe8+ Kc7 37. Qd7+ Kb6 38. Qc6+ Ka5 39. Nb3+ 1-0

[Event "Wch Juvenil 2013 sub-14"]
[Site "Al-Ain UAE"]
[Date "2013.12.19"]
[Round "2.50"]
[White "Fidrilakis, Stavros"]
[Black "Pigeat, Alexandre"]
[Result "1-0"]
[WhiteElo "1629"]
[BlackElo "2002"]
[PlyCount "97"]
[EventDate "2013.12.19"]
[EventType "swiss"]
[EventRounds "11"]
[EventCountry "UAE"]
[Source "lmi"]
[SourceDate "2013.12.19"]

1. d4 g6 2. c4 Bg7 3. Nc3 c5 4. d5 Bxc3+ 5. bxc3 f5 6. g3 d6 7. Bg2 Qa5 8. Qc2
Nf6 9. Nf3 Nbd7 10. O-O Qa6 11. Qd3 Ne4 12. a4 Nb6 13. Ng5 Nf6 14. Ne6 Bxe6 15.
dxe6 Ng4 16. Bf4 O-O 17. a5 Nc8 18. Rfb1 Rb8 19. h3 Nf6 20. Bh6 Rd8 21. Bg5 Kg7
22. Rb5 Re8 23. Qb1 d5 24. Bxf6+ Kxf6 25. Bxd5 Nd6 26. Rxc5 Rec8 27. Qd3 Kg7
28. Qd4+ Kg8 29. Rxc8+ Rxc8 30. c5 Ne8 31. Qb4 Qxe2 32. Qxb7 Rc7 33. Qa8 Kf8
34. Bc6 Qxe6 35. Qxe8+ Kg7 36. Bg2 Rxc5 37. Qa4 Rc4 38. Qb3 Qc8 39. Rc1 e5 40.
Qb7+ Qxb7 41. Bxb7 Kf6 42. a6 Ke6 43. Rd1 Ke7 44. Rb1 Ra4 45. Rb4 Ra2 46. c4
Kd6 47. Rb5 e4 48. c5+ Kc7 49. c6 1-0